| 000 | 00635nam a2200169 i 4500 | ||
|---|---|---|---|
| 001 | 28073 | ||
| 003 | ES-MaACL | ||
| 005 | 20230906153745.0 | ||
| 007 | t| | ||
| 008 | 030116s1960 sp ||||1| spa d | ||
| 100 | 1 |
_aAzcona, Tarsicio de. _924270 |
|
| 245 | 1 | 3 |
_aLa elección y reforma del episcopado español en tiempo de los Reyes Católicos / _cTarsicio de Azcona. |
| 260 |
_aMadrid : _bConsejo Superior de Investigaciones Científicas, Instituto P. Enrique Flórez, _c1960. |
||
| 300 |
_aXVI, 382 p. ; _c25 cm. |
||
| 710 | 2 |
_aInstituto de Historia Eclesiástica "Padre Enrique Flórez" _94954 |
|
| 852 |
_aES-MaACL _jA-8197 _bR.97387 |
||
| 999 |
_c28073 _d28073 |
||